000 00223nam a22001097a 4500
003 OSt
008 231116b |||||||| |||| 00| 0 eng d
041 _amal
100 _aJames
_95717
245 _aAakasha Pushpam
942 _cBK
999 _c18028
_d18028